Statistics for Monty Python's Flying Circus cast members

Click here to take the quiz!

General Stats

  • This quiz has been taken 335 times
  • The average score is 5 of 6

Answer Stats

Answer% Correct
John Cleese
100%
Michael Palin
93%
Eric Idle
91%
Terry Gilliam
84%
Graham Chapman
82%
Terry Jones
81%

Score Distribution

Percentile by Number Answered

Percent of People with Each Score

Your Score History

You have not taken this quiz